Boulevards des Maréchaux - Statistiques

Statistiques générales
  • Ce quiz a été pris 64 fois
  • Le résultat moyen est 10 sur 22
Statistiques - réponses
Arrondissement Porte de début Porte de fin Boulevard % Correct
18ème Porte de Saint-Ouen Porte d'Aubervilliers Ney
71%
14ème Porte d'Orléan Porte de Vanves Brune
66%
12ème Porte Dorée Porte de Bercy Poniatowski
66%
19ème Porte d'Aubervilliers Canal de l'Ourcq Macdonald
61%
13ème Porte de Vitry Porte d'Italie Masséna
56%
19ème Canal de l'Ourcq Porte des Lilas Sérurier
56%
20ème Porte de Bagnolet Porte de Vincennes Davout
54%
12ème Porte de Vincennes Porte Dorée Soult
54%
17ème Porte de Clichy Porte de Saint-Ouen Bessières
51%
14ème Porte de Gentilly Porte d'Orléan Jourdan
51%
13ème Porte d'Italie Porte de Gentilly Kellermann
51%
17ème Porte de Champerret Porte de Clichy Berthier
49%
15ème Porte de Vanves Porte de Versailles Lefebvre
49%
16ème Porte de La Muette Lannes
41%
16ème Porte d'Auteuil Porte de Passy Suchet
41%
15ème Porte de Versailles Porte de Sèvres Victor
41%
20ème Porte des Lilas Porte de Bagnolet Mortier
39%
16ème Porte du point-du-jour Porte Molitor Murat
39%
13ème Porte de la Gare Porte de Vitry Général-d'Armée-Jean-Simon
29%
17ème Porte Maillot Porte de Champerret Gouvion-Saint-Cyr
29%
16ème Porte Dauphine Porte Maillot Amiral-Bruix
27%
15ème Porte de Sèvres Porte du Bas Meudon Général-Martial-Valin
27%
Aucun quiz correspondant
Distribution des résultats
% des personnes avec chaque résultat
Percentile par nombre de réponses
Votre historique - résultats
Vous n’avez pas pris ce quiz